The manager’s environment : An economic approach

Uloženo v:
Podrobná bibliografie
Hlavní autor: Webster, G. H.
Médium: Kniha
Jazyk:Undetermined
Vydáno: London Pan Books 1970
Témata:
Tagy: Přidat tag
Žádné tagy, Buďte první, kdo otaguje tento záznam!
Thư viện lưu trữ: Trung tâm Học liệu Trường Đại học Cần Thơ
LEADER 00619nam a2200217Ia 4500
001 CTU_89142
008 210402s9999 xx 000 0 und d
082 |a 330.942 
082 |b W377 
100 |a Webster, G. H. 
245 4 |a The manager’s environment : 
245 3 |b An economic approach 
245 0 |c G. H. Webster and J. M. Oliver 
260 |a London 
260 |b Pan Books 
260 |c 1970 
650 |a Great britain,Great britain 
650 |x Economics conditions,Economics policy 
650 |y 1964- 1979,1964- 1979 
904 |i M.Loan 
980 |a Trung tâm Học liệu Trường Đại học Cần Thơ